000 00652nam a2200241 i 4500
001 C2-0304684
003 PPAK
005 20180728085826.0
008 100614s2010 my |||| ||||| | may d
020 _a9789833892655
040 _aPPAK
_beng
_cPPAK
_erda
082 0 4 _a899.233
_223
090 0 0 _a899.233
_bBAH
_dG
100 0 _aBahruddin Bekri,
_eauthor
245 1 0 _aDi mana terangnya bulan
264 1 _aBatu Caves, Selangor :
_bPTS Litera Utama ,
_c2010
300 _aix, 339 pages ;
_c19 cm
336 _2rdacontent
_atext
337 _2rdamedia
_aunmediated
338 _2rdacarrier
_avolume
650 1 0 _aMalay fiction
942 _ddc
_cB
999 _c107805
_d107805